Microbiology / (Record no. 21495)

MARC details
000 -LEADER
fixed length control field 01308cam a22003495i 4500
001 - CONTROL NUMBER
control field 14475490
003 - CONTROL NUMBER IDENTIFIER
control field EG-ScBUE
005 - DATE AND TIME OF LATEST TRANSACTION
control field 20260318101600.0
008 - FIXED-LENGTH DATA ELEMENTS--GENERAL INFORMATION
fixed length control field 060728s2007 nyua f b 001 0 eng d
020 ## - INTERNATIONAL STANDARD BOOK NUMBER
International Standard Book Number 0415390885 (alk. paper)
020 ## - INTERNATIONAL STANDARD BOOK NUMBER
International Standard Book Number 9780415390880 (alk. paper)
040 ## - CATALOGING SOURCE
Original cataloging agency EG-ScBUE
Language of cataloging eng
Description conventions rda
Transcribing agency EG-ScBUE
Modifying agency EG-ScBUE
082 04 - DEWEY DECIMAL CLASSIFICATION NUMBER
Classification number 579
Item number MIC
Edition number 22
245 00 - TITLE STATEMENT
Title Microbiology /
Statement of responsibility, etc S. Baker, School of Biological and Molecular Sciences, Oxford Brookes University, Oxford, UK, [and three others]
250 ## - EDITION STATEMENT
Edition statement Third edition.
264 #1 - PUBLICATION, DISTRIBUTION, ETC. (IMPRINT)
Place of publication, distribution, etc New York, NY :
Name of publisher, distributor, etc Taylor & Francis Group,
Date of publication, distribution, etc 2007.
300 ## - PHYSICAL DESCRIPTION
Extent viii, 427 pages :
Other physical details illustrations ;
Dimensions 25 cm.
336 ## - CONTENT TYPE
Source rdacontent
Content type term text
Content type code txt
337 ## - MEDIA TYPE
Media type term unmediated
Source rdamedia
Media type code n
338 ## - CARRIER TYPE
Carrier type term volume
Carrier type code nc
Source rdacarrier
490 0# - SERIES STATEMENT
Series statement BIOS instant notes
500 ## - GENERAL NOTE
General note Rev. ed. of: Microbiology / J. Nicklin, K. Graeme-Cook and R. Killington. 2nd ed. 2002.
504 ## - BIBLIOGRAPHY, ETC. NOTE
Bibliography, etc Includes bibliographical references and index.<br/>
650 #7 - SUBJECT ADDED ENTRY--TOPICAL TERM
Topical term or geographic name as entry element Medical microbiology
Form subdivision Outlines, syllabi, etc.
Source of heading or term BUEsh
9 (RLIN) 27322
653 ## - INDEX TERM--UNCONTROLLED
Resource For college Pharmacy
Arrived date list March2016
655 ## - INDEX TERM--GENRE/FORM
Form subdivision Reading book
700 1# - ADDED ENTRY--PERSONAL NAME
Personal name Baker, Simon,
Dates associated with a name 1966-
Relator term author.
700 1# - ADDED ENTRY--PERSONAL NAME
Personal name Nicklin, J.
Fuller form of name (Jane),
Relator term author.
700 1# - ADDED ENTRY--PERSONAL NAME
Personal name Khan, Naveed Ahmed,
Relator term author.
700 1# - ADDED ENTRY--PERSONAL NAME
Personal name Killington, R. A.,
Relator term author.
942 ## - ADDED ENTRY ELEMENTS (KOHA)
Source of classification or shelving scheme Dewey Decimal Classification
Koha item type Book - Borrowing
Holdings
Withdrawn status Lost status Source of classification or shelving scheme Damaged status Not for loan Collection code Home library Current library Shelving location Date acquired Source of acquisition Cost, normal purchase price Serial Enumeration / chronology Total Checkouts Full call number Barcode Date last seen Price effective from Koha item type
    Dewey Decimal Classification     Scientific home BookShop Central Library Central Library First floor 23/03/2016 Purchase 325.00 1   579 MIC 000032174 15/07/2025 23/03/2016 Book - Borrowing